• 首页
  • 本馆介绍
  • 公告通知
  • 最新文献
  • 馆藏检索
  • 电子资源
  • 读者导购
  • 参考咨询
  • 我的图书馆
  • 登录
  • 详细信息显示
  • 放入我的书架
  • 预约/预借图书
  • 作者相关作品
  • 分类相关作品
  • 丛书相关作品
  • 出版社相关作品

书目信息

  • 表格格式
  • 工作单格式
  • 卡片格式
题名:
一夜风流
    
 
作者: 罗伯特·里斯金 著 ;伍菡卿 译
分册:  
出版信息: 北京   中国电影出版社  1981.08
页数: 157页
开本: 19cm
丛书名: 外国电影剧本丛刊6
单 册:
中图分类: I712.073
科图分类:
主题词: 文学
电子资源:
ISBN:
000 00691nam0 2200241 45
001 0306231726
005 20031219104111.5
010    @dCNY0.55
091    @a10061.368
100    @a20030623d1981 km y0chiy0120 ea
101 0  @achi
105    @aa z 000by
200 1  @a一夜风流@AYi Ye Feng Liu@f[美]罗伯特·里斯金著@F[Mei]Luo Bo Te·Li Si Jin Zhu@g伍菡卿译
210    @a北京@c中国电影出版社@d1981.08
215    @a157页@c照片@d19cm
225    @a外国电影剧本丛刊6
410    @12001 @a外国电影剧本丛刊6
606 0  @a文学
690    @aI712.073@v3
701  0 @a罗伯特·里斯金@4著
702  0 @a伍菡卿@AWu Han Qing@4译
801    @aCN@bTSTC@c20030623
905    @f1@b55291@dI712.073@e493:6
    
    一夜风流/[美]罗伯特·里斯金著/伍菡卿译.-北京:中国电影出版社,1981.08
    157页:照片;19cm.-(外国电影剧本丛刊6)
    
    
    ISBN :CNY0.55
    
●
相关链接 在E读中查询图书 在五车中查询图书 在当当中查询图书 在豆瓣中查询图书


正题名:一夜风流     索取号:I712.073/493:6         预约/预借

序号 登录号 条形码 馆藏地/架位号 状态 备注
1 0055291   001831398   密集书库/ [索取号:I712.073/493:6] 在馆    
2 0055292   000052294   第一样本阅览室/ [索取号:I712.073/493:6] 在馆    
唐山师范学院图书馆 欢迎您!
大连网信软件有限公司© 版权所有